00704nam a2200229 a 450000100060000000300090000600800410001502000140005604000280007008200130009810000210011124500640013225000060019626000490020230000100025165000470026165000420030865000340035065000440038465000170042865000290044510367CO-ViMGA141112s2004 ck r 000 u spa d a980001500 aCO-ViMGAbspacCO-ViMGA04a980 A53a1 aBecker ; Felix, 10aAmérica Latina en las letras y ciencias Sociales alemanas a1 aCaracas : bMonte Avila Editores C.A, c1985 a506p.14aAmérica LATINA - CONDICIONES - ECONOMICA14aAmérica LATINA - CONDICIONES SOCIAL14aAmérica LATINA - EXTERIORES14aAmérica LATINA - Política - ENSAYOS14aCONFERENCIAS14aCULTURA América LATINA